• 首页
  • 本馆介绍
  • 公告通知
  • 最新文献
  • 馆藏检索
  • 电子资源
  • 读者导购
  • 参考咨询
  • 我的图书馆
  • 登录
  • 详细信息显示
  • 放入我的书架
  • 预约/预借图书
  • 作者相关作品
  • 分类相关作品
  • 丛书相关作品
  • 出版社相关作品

书目信息

  • 表格格式
  • 工作单格式
  • 卡片格式
题名:
军事院校教育学
    
 
作者: 张宝 书
分册:  
出版信息: 北京   军事科学  2006
页数: 529页
开本: 26cm
丛书名:
单 册:
中图分类: E251
科图分类:
主题词: 国防建设--中国 , 战备--中国
电子资源:
ISBN: 7-80137-946-2
000 00535nam0 2200193 450
001 0753865015
005 20070818145745.01
010    @a7-80137-946-2@b精装@d¥34.00
100    @a20070818d km y0chiy0120 ea
101 0  @achi
200 1  @a军事院校教育学@Ajun shi yuan xiao jiao yu xue@f张宝书@Fzhang bao shu
210    @a北京@c军事科学@d2006
215    @a529页@d26cm
606 0  @a国防建设@x中国
606 0  @a战备@x中国
690    @aE251@v3
701  0 @a张宝@Azhang bao@4书
801  0 @aCN@bPFT@c20070818
905    @a213230@dE251@ee1@f1
    
    军事院校教育学/张宝书.-北京:军事科学,2006
    529页;26cm
    
    
    ISBN 7-80137-946-2(精装):¥34.00
    
●
相关链接 在E读中查询图书 在五车中查询图书 在当当中查询图书 在豆瓣中查询图书


正题名:军事院校教育学     索取号:E251/e1         预约/预借

序号 登录号 条形码 馆藏地/架位号 状态 备注
1 6303939   263039394   教育系资料室/ [索取号:E251/e1] 在馆    
2 6303940   263039401   教育系资料室/ [索取号:E251/e1] 在馆    
唐山师范学院图书馆 欢迎您!
大连网信软件有限公司© 版权所有